Normal view
MARC view
- Bell, Eric Temple
Entry Personal Name
001 - CONTROL NUMBER
- control field: 38812
003 - CONTROL NUMBER IDENTIFIER
- control field: NUST
005 - DATE AND TIME OF LATEST TRANSACTION
- control field: 20210314131249.0
008 - FIXED-LENGTH DATA ELEMENTS
- fixed length control field: 210314|| aca||aabn | a|a d
040 ## - CATALOGING SOURCE
- Original cataloging agency: NUST
- Transcribing agency: NUST
100 ## - HEADING--PERSONAL NAME
- Personal name: Bell, Eric Temple
670 ## - SOURCE DATA FOUND
- Source citation: Work cat.: (NUST): Bell, Eric Temple,, Mathematics, queen and servant of science /, [1989], c1951.
